| 000 | 00704nam a2200193 i 4500 | ||
|---|---|---|---|
| 001 | 81119 | ||
| 003 | ES-MaACL | ||
| 005 | 20230906174355.0 | ||
| 007 | t| | ||
| 008 | 041103s1928 sp ||||1| spa d | ||
| 100 | 1 |
_aHoyos Sáinz, Luis de, _d1868-1951 _964437 |
|
| 245 | 1 | 0 |
_aCalificación higiénica de las Escuelas Nacionales de Madrid / _cLuis de Hoyos Sáinz. |
| 260 |
_aCádiz : _b[s.n., _c1928] ( _fM. Alvarez Rodíguez) |
||
| 300 |
_ap. 60-64 ; _c25 cm. |
||
| 500 | _aPrecede al tít.: Asociación Española para el progreso de las Ciencias. | ||
| 710 | 2 |
_aAsociación Española para el Progreso de las Ciencias. _91705 |
|
| 852 |
_aES-MaACL _j1841-F-1 _bR.19965 |
||
| 999 |
_c81119 _d81119 |
||